000 01946nam0a2200313 i 4500
001 RU\NLR\BIBL_A\010865444
005 20260409063443.0
010 _a9785699839544
_d2500 экз.
021 _aRU
_b2015-72109
_94325
035 _a(NILC)RuMoRGB-008022740
035 _a(NLR Aleph) 010865444
090 _a10442188
_c10442188
100 _a20151021d2015 u a0rusy50 ca
101 0 _arus
102 _aRU
105 _ay|||n|||000yy
200 1 _aГражданский процессуальный кодекс Российской Федерации
_eГПК
_e[от 14 ноября 2002 года № 138-Ф3
_eпринят Государственной Думой 23 октября 2002 года
_eодобрен Советом Федерации 30 октября 2002 года
_e(в ред. Федеральных законов от 30.06.2003 № 86-Ф3 ... от 08.03.2015 № 23-Ф3 с изм., внесенными Федеральным законом от 13.07.2015 № 264-Ф3)]
_eтекст с изменениями и дополнениями на 15 сентября 2015 года
210 _aМосква
_cЭксмо
_d2015
215 _a223 с.
_d20
225 1 _aАктуальное законодательство
604 _171001$aРоссийская Федерация
_1500##$aГражданский процессуальный кодекс$2nlr_sh2$3RU\NLR\AUTH\661262192
_3RU\NLR\AUTH\661262192
_aРоссийская Федерация
_tГражданский процессуальный кодекс
_92086065
686 1 _aХ629.2-324.9(2Р)
740 1 _aРоссийская Федерация
_tЗаконы
_iГражданский процессуальный кодекс
_3RU\NLR\AUTH\880379477
_9425338
801 0 _aRU
_bРГБ
_c20150916
_gRCR
801 1 _aRU
_bРГБ
_c20150916
_2rusmarc
942 _cBOOK
980 _aNBR